A student's guide to fourier transforms : (Record no. 78126)

MARC details
000 -LEADER
fixed length control field 00688nam a22002057a 4500
005 - DATE AND TIME OF LATEST TRANSACTION
control field 20130812114615.0
010 ## - LCCN (DPL NO)
LC control number ENG-108162
020 ## - INTERNATIONAL STANDARD BOOK NUMBER
International Standard Book Number 9781107645509
Terms of availability 295.00
035 ## - SYSTEM CONTROL NUMBER
System control number EN-91695
037 ## - SOURCE OF ACQUISITION
Source of stock number/acquisition DBAD/PUB
082 ## - DEWEY DECIMAL CLASSIFICATION NUMBER
Classification number 515.723
100 ## - MAIN ENTRY--PERSONAL NAME
Personal name James, J.F.
245 10 - TITLE STATEMENT
Title A student's guide to fourier transforms :
Statement of responsibility, etc by J.F. James
Remainder of title with applications in physics and engineering /
250 ## - EDITION STATEMENT
Edition statement 3rd ed
260 ## - PUBLICATION, DISTRIBUTION, ETC. (IMPRINT)
Place of publication, distribution, etc New Delhi
Name of publisher, distributor, etc Cambridge University Press
Date of publication, distribution, etc 2011
270 ## - ADDRESS
Address 4381/4, Ansari Road, Daryaganj
City New Delhi
Postal code 110002
300 ## - PHYSICAL DESCRIPTION
Extent xiii,146p. :
Dimensions 23cm(pbk)
Other physical details ill.
500 ## - GENERAL NOTE
General note Includes bibliographical references and index
942 ## - ADDED ENTRY ELEMENTS (KOHA)
Source of classification or shelving scheme Dewey Decimal Classification
Item type English Books
Call number suffix JAM
Classification part 515.723
Holdings
Withdrawn status Lost status Not for loan Collection code Home library Current library Date acquired Source of acquisition Cost, normal purchase price Full call number Barcode Copy number Cost, replacement price Koha item type
    Not For Loan Non-fiction D.B.Act.Division D.B.Act.Division 29/07/2013 DBAD/PUB 295.00 515.723 JAM EN-91695 1 295.00 English Books

© Delhi Public Library
Hit Counter
free hit counter